Současné tendence v právní ochraně software ve světě.
Vývoj chápania ochrany software vo svete. Potreba zavedenia autorskoprávnej ochrany v ČSFR. Súčasný vývoj obsahu autorskoprávnej ochrany software. Zaraďovanie software medzi literárne diela a boj proti softwarovému pirátstvu. Boj proti pirátstvu v medzinárodnom meradle.
Na minha lista:
| Autor principal: | |
|---|---|
| Formato: | Capítulo de Livro |
| Idioma: | tcheco |
| Assuntos: | |
| Tags: |
Sem tags, seja o primeiro a adicionar uma tag!
|
MARC
| LEADER | 00000naa a2200000 4500 | ||
|---|---|---|---|
| 001 | r002682 | ||
| 005 | 20220819175849.6 | ||
| 041 | 0 | |a cze | |
| 044 | |a [CS] | ||
| 245 | 1 | 0 | |a Současné tendence v právní ochraně software ve světě. |c Z. Loebl |
| 520 | |a Vývoj chápania ochrany software vo svete. Potreba zavedenia autorskoprávnej ochrany v ČSFR. Súčasný vývoj obsahu autorskoprávnej ochrany software. Zaraďovanie software medzi literárne diela a boj proti softwarovému pirátstvu. Boj proti pirátstvu v medzinárodnom meradle. | ||
| 610 | 2 | 0 | |a softvér |
| 610 | 2 | 0 | |a ochrana právna |
| 610 | 2 | 0 | |a ochrana autorstva |
| 610 | 2 | 0 | |a patenty |
| 610 | 2 | 0 | |a právo autorské |
| 100 | 1 | |a Loebl, Z. | |